► Quick Pick: LOTR Chapters - Book Three Quiz Stats

 Plays Quiz not verified by Sporcle

Challenge
Share
Tweet
Embed
Score 0/11 Timer 01:00
0 Plays Today
% Correct
Isengard
94.6%
Deep
92.3%
Flotsam
92.3%
Riders
91.5%
Uruk-hai
90.8%
White
90.8%
Golden
90.8%
Saruman
89.2%
Boromir
88.5%
Palantír
87.7%
Treebeard
80%

You're not logged in!

Compare scores with friends on all Sporcle quizzes.
Join for Free
OR
Log In

You Might Also Like...

Show Comments

Extras

Top Quizzes Today


Score Distribution

Your Account Isn't Verified!

In order to create a playlist on Sporcle, you need to verify the email address you used during registration. Go to your Sporcle Settings to finish the process.

Report this User

Report this user for behavior that violates our Community Guidelines.

Details: